1921 1873 1023 1851 1617 1149 1531 1997 1135 1110 1084 1763 1843 1667 1344 1405 1539 1845 1196 1953 1981 1439 1335 1125 1487 1163 1632 1359 1105 1293 1910 1715 1976 1010 1254 1987 1065 1747 1861 1873 1107 1920 1963 1213 1305 1519 1205 1662 1794 1353 1636 1283 1765 1103 1902 1974 1011 1748 1172 1043 1468 1691 1797 1855 1025 1638 1548 1362 1951 1939 1441 1861 1806 1428 1570 1454 1033 1712 1497 1421 1775 1183 1981 1635 1011 1783 1486 1907 1252 1269 1806 1861 1868 1670 1139 1888 1150 1235 1616 BCNSPRNW ULIB Ver.6.0+V

เปลี่ยนเป็นภาษาไทย

Change to English
 แสดงรายละเอียดบรรณานุกรม
  กลับหน้าหลัก

Brief Record : Get Marc (ISO 2709) : E-mail record : QR code < ปิดหน้าต่าง
LEADER : 00000nam 2200000uu 4500
001    13399111501
003     ULIB
008    110629s2550||||th 000 0 tha d
020    9789740963257
060 04 QU4^bพ524 2550
245 00 ตำราชีวเคมี /^cบรรณาธิการ พัชรี บุญศิริ...[และคนอื่นๆ]
250    พิมพ์ครั้งที่ 5
260    ขอนแก่น :^bภาควิชาชีวเคมี คณะแพทยศาสตร์ มหาวิทยาลัยขอนแก่น,^c2550
300    576 หน้า :^bภาพประกอบ
650  7 ชีวเคมี
650  7 ชีวโมเลกุล
700 0  เปรมใจ อารีจิตรานุสรณ์,^cบรรณาธิการ
710 2  มหาวิทยาลัยขอนแก่น. ^bคณะแพทยศาสตร์. ^bภาควิชาชีวเคมี
945    ^p390^l0^i16566
945    ^p390^l0^i15165
945    ^p390^l0^i15164
945    ^p390^l0^i18438
945    ^p390^l0^i18439
945    ^p390^l0^i18440
945    ^p390^l0^i18441
945    ^p390^l0^i18443
945    ^p390^l0^i18615
945    ^p390^l0^i15166
995    กัณชพร
999    ^aใช้งานได้ทุกระบบ
รายการนี้ยังไม่มีแท็ก
คุณยังไม่ได้ล็อกอิน คุณสามารถมีกิจกรรมร่วมกับเว็บไซต์ได้ แต่ต้องล็อกอินก่อน ::
  ล็อกอิน

รายการสื่อสารสนเทศ

ลำดับที่ ประเภท เลขเรียก/บาร์โค้ด สถานที่ สถานะ
1. วิทยาศาสตร์การแพทย์ และสุขภาพ
วิทยาศาสตร์การแพทย์ และสุขภาพ
QU4 พ524 2550 ฉ.12 
  Barcode: 15166
ห้องสมุดวิทยาเขตสวรรค์ประชารักษ์
►หนังสือทั่วไป
บนชั้น
2. วิทยาศาสตร์การแพทย์ และสุขภาพ
วิทยาศาสตร์การแพทย์ และสุขภาพ
QU4 พ524 2550 ฉ.6 
  Barcode: 18439
ห้องสมุดวิทยาเขตสวรรค์ประชารักษ์
►ส่วนจัดเก็บหนังสือเก่า สปร
บนชั้น
  ขอยืม

รายการใกล้เคียง
    หัวเรื่อง [ชีวเคมี]
    หัวเรื่อง [ชีวโมเลกุล]

BibComment


ยังไม่เคยถูกคอมเมนท์

คอมเมนท์ทรัพยากรรายการนี้
  คอมเมนท์: ตำราชีวเคมี บรรณ..


 Copyright 2026. Bcnsprnw @Library